Pohlavné choroby v SR ...

Bibliographic Details
Format: Serial
Language:Slovak
English
PhysicalDescription:zv. grafy, mp., tab. 21 cm
Published: Bratislava Ústav zdravotníckych informácií a štatistiky
Bratislava Národné centrum zdravotníckych informácií
Series:Zdravotnícka štatistika
Subjects:

MARC

LEADER 00000cas a2200000 a 4500
001 vtls010489545
003 SK-MaSNL
005 20260425194126.0
008 130211u199u20uuxo ar s 000 b0slo
040 |a SNK  |b slo  |c SNK  |e AACR2 
041 0 |a slo  |a eng 
043 |a e-xo--- 
044 |a xo  |c SK 
072 7 |a 616  |x Patológia. Klinická medicína  |2 konspekt 
080 |a 616.97  |2 2001 
080 |a (437.6)  |2 2001 
080 |a (058)  |2 2011 
080 |a (048.8:083.41)  |2 2011 
245 0 0 |a Pohlavné choroby v SR ... 
246 1 1 |a Venereal Diseases in the Slovak Republic ... 
260 |a Bratislava  |b Ústav zdravotníckych informácií a štatistiky 
260 3 |3 2006  |a Bratislava  |b Národné centrum zdravotníckych informácií 
300 |a zv.  |b grafy, mp., tab.  |c 21 cm 
310 |a 1x ročne 
490 1 |a Zdravotnícka štatistika 
500 |a Súčasťou názvu je označenie kalendárneho roku 
500 |a Každé vydanie v edícii je samostatne číslované 
500 |a Popis podľa: 1994 (vydané v r. 1995) 
546 |a V r. 2005 súbežný text anglický 
650 0 7 |a pohlavné choroby  |2 SNKPH  |9 2564 
650 0 7 |a venereal diseases  |2 SNKPHeng  |9 268158 
651 7 |a Slovensko  |2 SNKPHgeo  |9 14231 
651 7 |a Slovakia  |2 SNKPHeng  |9 92630 
655 7 |a štatistické prehľady  |2 SNKPH  |9 70689 
655 7 |a ročenky  |2 SNKPH  |9 57146 
655 7 |a Statistical surveys  |2 SNKPHeng  |9 265594 
655 7 |a Yearbooks  |2 SNKPHeng  |9 120938 
830 0 |a Zdravotnícka štatistika  |9 265595 
910 |a snk 
999 |c 4603  |d 6533 
952 |a SNK  |b SNK  |y PREZ  |7 0  |p 17A1521686  |o snkČSC 4254/2005  |i snk2007/26861  |8 1  |0 0  |1 0  |4 0  |d 2023-12-04  |l 0  |r 2026-02-21 19:48:56  |w 2026-02-21 
952 |a SNK  |b SNK  |y PREZ  |7 0  |p 17A1060883  |o snkČSC 4254/1994  |i snk2013/3255  |8 1  |0 0  |1 0  |4 0  |d 2013-02-11  |l 0  |r 2026-02-21 21:30:56  |w 2026-02-21